الإنتفاضة الثورة الطريق إلى الدولة ... غير سالك ؟ / (رقم التسجيلة. 131707)

تفاصيل مارك
000 -LEADER
fixed length control field 00680nam a22002057a 4500
005 - DATE AND TIME OF LATEST TRANSACTION
control field 20251108175332.0
008 - FIXED-LENGTH DATA ELEMENTS--GENERAL INFORMATION
fixed length control field 250721s2015 xx 000 0 ara d
082 14 - DEWEY DECIMAL CLASSIFICATION NUMBER
Classification number 956.405/عزو
100 1# - MAIN ENTRY--PERSONAL NAME
Personal name العزوبي، اسعد علي
245 10 - TITLE STATEMENT
Title الإنتفاضة الثورة الطريق إلى الدولة ... غير سالك ؟ /
264 1# - PRODUCTION, PUBLICATION, DISTRIBUTION, MANUFACTURE, AND COPYRIGHT NOTICE
Place of production, publication, distribution, manufacture عمان :
Name of producer, publisher, distributor, manufacturer دار دجلة،
Date of production, publication, distribution, manufacture, or copyright notice 2015.
300 ## - PHYSICAL DESCRIPTION
Extent 659 ص.
650 17 - SUBJECT ADDED ENTRY--TOPICAL TERM
Topical term or geographic name as entry element الإنتفاضة الفلسطينية 1987-
650 17 - SUBJECT ADDED ENTRY--TOPICAL TERM
Topical term or geographic name as entry element مقاومة الإحتلال
650 17 - SUBJECT ADDED ENTRY--TOPICAL TERM
Topical term or geographic name as entry element فلسطين
650 17 - SUBJECT ADDED ENTRY--TOPICAL TERM
Topical term or geographic name as entry element التاريخ
653 ## - INDEX TERM--UNCONTROLLED
Uncontrolled term الإنتفاضة الفلسطينية 1967-
942 ## - ADDED ENTRY ELEMENTS (KOHA)
Source of classification or shelving scheme Dewey Decimal Classification
Koha item type كتب
المقتنيات
حالة السحب حالة الفقدان مصدر التصنيف حالة التلف غير قابل للإعارة المكتبة الرئيسية المكتبة الحالية موقع الرف تاريخ التزويد الرقم المتسلسل Total Checkouts رقم الإستدعاء الباركود تاريخ آخر ظهور تاريخ الفاتورة نوع المادة (كوها)
    Dewey Decimal Classification     المكتبة المركزية المكتبة المركزية الإعارة 28/07/2025 1604058   956.405/عزو PLD00338748 28/07/2025 28/07/2025 كتب
    Dewey Decimal Classification   Not For Loan المكتبة المركزية المكتبة المركزية النتاج الفكري الأردني 30/07/2015 1604059   956.405/عزو PLD00339685 28/07/2025 30/07/2015 كتب
    Dewey Decimal Classification     مكتبة أبو علندا العامة مكتبة أبو علندا العامة الإعارة 30/07/2015 1604071   956.405/عزو PLD00339697 28/07/2025 30/07/2015 كتب
    Dewey Decimal Classification     مكتبة أم قصير والمقابلين العامة مكتبة أم قصير والمقابلين العامة الإعارة 30/07/2015 1604062   956.405/عزو PLD00339688 28/07/2025 30/07/2015 كتب
    Dewey Decimal Classification     مكتبة الأميرة ايمان العامة مكتبة الأميرة ايمان العامة الإعارة 30/07/2015 1604068   956.405/عزو PLD00339694 28/07/2025 30/07/2015 كتب
    Dewey Decimal Classification     مكتبة الاميرة بديعة مكتبة الاميرة بديعة الإعارة 30/07/2015 1604063   956.405/عزو PLD00339689 28/07/2025 30/07/2015 كتب
    Dewey Decimal Classification     مكتبة الجويدة مكتبة الجويدة الإعارة 30/07/2015 1604061   956.405/عزو PLD00339687 28/07/2025 30/07/2015 كتب
    Dewey Decimal Classification     مكتبة الحسن العامة مكتبة الحسن العامة الإعارة 30/07/2015 1604066   956.405/عزو PLD00339692 28/07/2025 30/07/2015 كتب
    Dewey Decimal Classification     مكتبة النصر العامة مكتبة النصر العامة الإعارة 30/07/2015 1604060   956.405/عزو PLD00339686 28/07/2025 30/07/2015 كتب
    Dewey Decimal Classification     مكتبة حمزة العامة مكتبة حمزة العامة الإعارة 30/07/2015 1604072   956.405/عزو PLD00339698 28/07/2025 30/07/2015 كتب
    Dewey Decimal Classification     مكتبة صويلح العامة مكتبة صويلح العامة الإعارة 30/07/2015 1604069   956.405/عزو PLD00339695 28/07/2025 30/07/2015 كتب
    Dewey Decimal Classification     مكتبة وادي السير العامة مكتبة وادي السير العامة الإعارة 30/07/2015 1604070   956.405/عزو PLD00339696 28/07/2025 30/07/2015 كتب
Implemented & Customized by: BBB with SCIT (Smart Chains for Information Technology)

Powered by Koha